[Event "PRVA LIGA CENTRALNE SRBIJE 2018."]
[Site "Kragujevac"]
[Date "2018.09.16"]
[Round "4.1"]
[White "Atalik, Suat"]
[Black "Savicevic, Vlatko"]
[Result "1-0"]
[WhiteElo "2512"]
[BlackElo "2338"]
[Annotator "Balkanchess"]
[PlyCount "59"]
[EventDate "2018.??.??"]
[WhiteClock "0:20:19"]
[BlackClock "0:04:37"]

1. d4 d5 2. c4 e6 3. Nc3 Be7 4. Nf3 Nf6 5. g3 O-O 6. Bg2 dxc4 7. Ne5 c5 8. dxc5
Qc7 9. Nxc4 Qxc5 10. Qb3 Nc6 11. Be3 Nd4 12. Bxd4 Qxd4 13. O-O Qc5 14. Rad1 Rb8
15. Qb5 Bd7 16. Qxc5 Bxc5 17. Ne5 Be8 18. Rd2 b5 19. Rc1 Rc8 20. e3 Bb4 21.
Rcc2 Ba5 22. Ne2 Rxc2 23. Rxc2 Bd7 24. Nd4 Bb6 25. Nxd7 Nxd7 26. Nxb5 Ne5 27.
Kf1 g5 28. Ke2 Rd8 29. b4 Rb8 30. Nd6 1-0

[Event "PRVA LIGA CENTRALNE SRBIJE 2018."]
[Site "Kragujevac"]
[Date "2018.09.16"]
[Round "4.1"]
[White "Simic, Dragisa"]
[Black "Irizanin, Radoje"]
[Result "1/2-1/2"]
[WhiteElo "2299"]
[BlackElo "2296"]
[Annotator "Balkanchess"]
[PlyCount "54"]
[EventDate "2018.??.??"]
[WhiteClock "0:41:10"]
[BlackClock "0:30:06"]

1. e4 c6 2. d4 d5 3. exd5 cxd5 4. c4 e6 5. Nf3 Nf6 6. Nc3 Bb4 7. cxd5 Nxd5 8.
Qc2 O-O 9. Bd3 Nf6 10. Bg5 h6 11. Be3 b6 12. O-O Bb7 13. Ne5 Nbd7 14. Nxd7 Qxd7
15. a3 Bd6 16. f3 Rac8 17. Qd2 Nd5 18. Nxd5 Bxd5 19. Rac1 Rxc1 20. Rxc1 Rc8 21.
Be4 Rc6 22. Bxd5 exd5 23. Bf4 Bf8 24. g4 Rxc1+ 25. Qxc1 f5 26. h3 fxg4 27. hxg4
h5 1/2-1/2

[Event "PRVA LIGA CENTRALNE SRBIJE 2018."]
[Site "Kragujevac"]
[Date "2018.09.16"]
[Round "4.1"]
[White "Marinkovic, Ivan"]
[Black "Gajic, Mladen"]
[Result "1-0"]
[WhiteElo "2459"]
[BlackElo "2291"]
[Annotator "Balkanchess"]
[PlyCount "107"]
[EventDate "2018.??.??"]
[WhiteClock "0:10:28"]
[BlackClock "0:11:06"]

1. e4 g6 2. d4 Bg7 3. Nc3 d6 4. g3 Nd7 5. Bg2 Ngf6 6. Nge2 O-O 7. O-O c5 8. h3
Rb8 9. dxc5 Nxc5 10. Nd4 Bd7 11. a4 b6 12. Be3 Qc8 13. Kh2 a6 14. Re1 Re8 15.
Qe2 b5 16. axb5 axb5 17. e5 dxe5 18. Ndxb5 Ne6 19. Red1 Nd4 20. Nxd4 exd4 21.
Rxd4 Rxb2 22. Rc4 Qb8 23. Bc1 Rb6 24. Ra8 Qd6 25. Ba3 Qe6 26. Rxe8+ Bxe8 27.
Qxe6 Rxe6 28. Rc8 h6 29. Nd5 Re2 30. Nxf6+ exf6 31. Bc6 Rxf2+ 32. Kg1 Rxc2 33.
Rxe8+ Kh7 34. Bg2 f5 35. h4 Bf6 36. Bd6 Bd4+ 37. Kh2 g5 38. h5 f6 39. Re7+ Kh8
40. Re8+ Kh7 41. Re7+ Kh8 42. Re1 Rd2 43. Rf1 Bf2 44. Bb4 Rc2 45. Rd1 Bb6 46.
Rd6 Bc7 47. Rxf6 f4 48. Rxh6+ Kg7 49. Rg6+ Kh7 50. Kh3 fxg3 51. Rxg5 Rc4 52.
Be7 Kh6 53. Rf5 Rc3 54. Bf3 1-0

[Event "PRVA LIGA CENTRALNE SRBIJE 2018."]
[Site "Kragujevac"]
[Date "2018.09.16"]
[Round "4.1"]
[White "Biljanic, Ljubomir"]
[Black "Mirkovic, Stevan"]
[Result "0-1"]
[WhiteElo "2212"]
[BlackElo "2307"]
[Annotator "Balkanchess"]
[PlyCount "196"]
[EventDate "2018.??.??"]
[WhiteClock "0:02:05"]
[BlackClock "0:02:29"]

1. d4 d5 2. c4 dxc4 3. e3 a6 4. Bxc4 Nf6 5. a4 e6 6. Nf3 c5 7. O-O Nc6 8. Nc3
Be7 9. b3 O-O 10. Ne5 cxd4 11. Nxc6 bxc6 12. exd4 a5 13. Qd3 Qb6 14. Be3 Qb4
15. Rfc1 Rd8 16. Qe2 Bb7 17. Rc2 c5 18. dxc5 Bxc5 19. Na2 Qb6 20. Bxc5 Qxc5 21.
Rc3 Ne4 22. Rd3 Qg5 23. f3 Rxd3 24. Bxd3 Qc5+ 25. Kf1 Nf6 26. Rc1 Qb6 27. Bc4
Nd5 28. Re1 Rd8 29. Qe5 h6 30. Nc3 Kh8 31. Nd1 Qb4 32. Nf2 Qd6 33. Qxd6 Rxd6
34. Ne4 Rd8 35. Nc5 Bc6 36. Bxd5 Bxd5 37. Rc1 Rb8 38. Ke1 g5 39. Rc3 Kg7 40.
Kd2 h5 41. Rd3 Kg6 42. Kc3 g4 43. fxg4 hxg4 44. g3 Kg5 45. Rd2 f5 46. Re2 Rb6
47. Rb2 Bf3 48. Nd3 Rc6+ 49. Kd4 Rd6+ 50. Ke3 Be4 51. Nc5 Bd5 52. b4 Rc6 53.
Kd4 axb4 54. Rxb4 Kf6 55. a5 Rc8 56. a6 Rd8 57. a7 Bc6+ 58. Kc4 Ra8 59. Rb6
Bd5+ 60. Kd4 Rxa7 61. Na6 Rh7 62. Rb2 Bf3 63. Nc5 Bd5 64. Rf2 Ra7 65. Rb2 Ra1
66. Rd2 Rb1 67. Nd7+ Ke7 68. Ne5 Rb4+ 69. Kd3 Re4 70. Re2 Ra4 71. Kc3 Ra3+ 72.
Kd4 Kf6 73. Nd7+ Ke7 74. Ne5 Ra1 75. Kc3 Kd6 76. Nf7+ Kc5 77. Rd2 Re1 78. Rc2
Re3+ 79. Kd2+ Kd4 80. Rb2 Rd3+ 81. Ke2 Bc4 82. Rd2 e5 83. Nd6 Rxd2+ 84. Kxd2
Bd3 85. Nf7 Bc4 86. Nd6 Be6 87. Ke2 Kc5 88. Ne8 Bd7 89. Nf6 Kd6 90. Kf2 Ke6 91.
Nh7 Bc6 92. h4 f4 93. Ng5+ Kf5 94. Nf7 Kf6 95. Ng5 Bd5 96. Nh7+ Kf5 97. Nf8 Bf7
98. Nd7 e4 0-1

[Event "PRVA LIGA CENTRALNE SRBIJE 2018."]
[Site "Kragujevac"]
[Date "2018.09.16"]
[Round "4.1"]
[White "Gavrilovic, Leonardo"]
[Black "Adzic, Momcilo"]
[Result "1-0"]
[WhiteElo "2243"]
[BlackElo "2265"]
[Annotator "Balkanchess"]
[PlyCount "68"]
[EventDate "2018.??.??"]
[WhiteClock "0:34:24"]
[BlackClock "0:24:33"]

1. e4 e5 2. Nf3 Nc6 3. Bb5 Nge7 4. O-O g6 5. c3 Bg7 6. d4 exd4 7. cxd4 a6 8.
Ba4 b5 9. Bb3 d6 10. Nc3 O-O 11. h3 Bb7 12. a4 b4 13. Nd5 Nxd5 14. Bxd5 Rb8 15.
Bg5 Qd7 16. Qd3 a5 17. Rac1 h6 18. Be3 Nd8 19. Bxb7 Rxb7 20. b3 c6 21. d5 Re8
22. Qa6 c5 23. Nd2 Ra7 24. Qd3 f5 25. exf5 gxf5 26. Nc4 Nf7 27. Bf4 Re4 28. Qg3
Ra6 29. f3 Rd4 30. Rfd1 Qb7 31. Ne3 Qd7 32. Nc4 Qb7 33. Rxd4 cxd4 34. Qg6 Qd7
1-0

[Event "PRVA LIGA CENTRALNE SRBIJE 2018."]
[Site "Kragujevac"]
[Date "2018.09.16"]
[Round "4.1"]
[White "Djosic, Slavoljub"]
[Black "Roljevic, Djordje"]
[Result "1-0"]
[WhiteElo "2315"]
[BlackElo "2146"]
[PlyCount "47"]
[EventDate "2018.??.??"]

1. b3 b6 2. Bb2 Bb7 3. Nf3 e6 4. g3 Nf6 5. Bg2 Be7 6. O-O O-O 7. d3 c5 8. e4 d6
9. Nbd2 Nc6 10. Ne1 Nd7 11. f4 Bf6 12. Bxf6 Qxf6 13. Nef3 Qc3 14. Nc4 Nd4 15.
Nxd4 Qxd4+ 16. Kh1 d5 17. Nd6 Bc6 18. e5 Nxe5 19. fxe5 b5 20. Qe1 f6 21. a4 a6
22. axb5 axb5 23. Rxa8 Bxa8 24. Nxb5 1-0

[Event "PRVA LIGA CENTRALNE SRBIJE 2018."]
[Site "Kragujevac"]
[Date "2018.09.16"]
[Round "4.2"]
[White "Soysal, Serkan"]
[Black "Draskovic, Luka"]
[Result "1/2-1/2"]
[WhiteElo "2404"]
[BlackElo "2449"]
[Annotator "Balkanchess"]
[PlyCount "86"]
[EventDate "2018.??.??"]
[WhiteClock "0:21:31"]
[BlackClock "0:14:54"]

1. Nf3 Nf6 2. c4 g6 3. Nc3 Bg7 4. d4 O-O 5. e4 d6 6. h3 Na6 7. Bg5 Qe8 8. g4 c6
9. Bd3 Nc7 10. Qe2 e5 11. d5 Bd7 12. a4 a5 13. Nd2 Na6 14. f3 Nb4 15. Bb1 Kh8
16. h4 h6 17. Be3 Qe7 18. Nf1 Rfc8 19. Ng3 Nh7 20. Kf2 Bf6 21. Bxh6 Bxh4 22.
Be3 Bg5 23. Bd3 Kg7 24. Qd2 Bxe3+ 25. Qxe3 Ng5 26. Kg2 Rh8 27. Rad1 c5 28. b3
Qf6 29. Bb1 Rxh1 30. Rxh1 Rh8 31. Rxh8 Kxh8 32. Nd1 Kg8 33. Nf2 b6 34. Ne2 Na6
35. f4 exf4 36. Qxf4 Qe7 37. Qg3 Nb8 38. Nf4 Qe5 39. N4h3 Qxg3+ 40. Kxg3 Nxh3
41. Nxh3 Bc8 42. Nf2 Nd7 43. g5 Kg7 1/2-1/2

[Event "PRVA LIGA CENTRALNE SRBIJE 2018."]
[Site "Kragujevac"]
[Date "2018.09.16"]
[Round "4.2"]
[White "Djordjevic, Vuk"]
[Black "Radovanovic, Nikola"]
[Result "1/2-1/2"]
[WhiteElo "2404"]
[BlackElo "2420"]
[Annotator "Balkanchess"]
[PlyCount "72"]
[EventDate "2018.??.??"]
[WhiteClock "0:00:42"]
[BlackClock "0:00:32"]

1. d4 d5 2. Bf4 c5 3. e3 Nc6 4. c3 Nf6 5. Nd2 e6 6. Ngf3 Bd6 7. Bg3 O-O 8. Bd3
b6 9. Qe2 cxd4 10. exd4 Ne7 11. O-O Bb7 12. a4 a5 13. Rfe1 Bxg3 14. hxg3 g6 15.
Ne5 Ne8 16. Ng4 Bc8 17. Ne5 f6 18. Nef3 Nc7 19. b4 axb4 20. cxb4 Qd6 21. b5 Bd7
22. Qd1 Ra5 23. Nb3 Ra7 24. Qe2 Rfa8 25. a5 bxa5 26. Nc5 Nc8 27. Rec1 Be8 28.
Re1 e5 29. dxe5 Qxc5 30. exf6 Qd6 31. Nh2 h5 32. g4 Qxf6 33. gxh5 gxh5 34. Ra3
Nb6 35. Bb1 h4 36. Rf3 Qg7 1/2-1/2

[Event "PRVA LIGA CENTRALNE SRBIJE 2018."]
[Site "Kragujevac"]
[Date "2018.09.16"]
[Round "4.2"]
[White "Barlov, Dragan"]
[Black "Pezelj, Novak"]
[Result "0-1"]
[WhiteElo "2414"]
[BlackElo "2457"]
[PlyCount "133"]
[EventDate "2018.??.??"]

1. Nf3 d6 2. d4 f5 3. c4 Nf6 4. g3 g6 5. Bg2 Bg7 6. O-O O-O 7. d5 Na6 8. Nc3
Bd7 9. Nd4 Qe8 10. Re1 Nc5 11. Nb3 Na4 12. Nb5 Qc8 13. N3d4 Nb6 14. Na3 c6 15.
dxc6 bxc6 16. c5 dxc5 17. Nb3 c4 18. Nc5 Nfd5 19. Qc2 c3 20. Rb1 Be8 21. bxc3
Bxc3 22. Bd2 Bg7 23. e4 fxe4 24. Qxe4 Bd7 25. Ne6 Bxe6 26. Qxe6+ Qxe6 27. Rxe6
Rf6 28. Re4 Raf8 29. Be1 Rf5 30. Rb3 Re5 31. Nc2 Rxe4 32. Bxe4 Rf6 33. Kf1 Rd6
34. Ra3 Rd7 35. Ra6 e6 36. f4 Kf7 37. Bf2 Rc7 38. Bc5 Bf8 39. Bd4 Bd6 40. Ke2
c5 41. Bf2 Ke7 42. Be1 Kd7 43. Na3 Kc6 44. Ra5 Rb7 45. Kd3 Nc8 46. Nc4 Bc7 47.
Ra6+ Kd7 48. Kc2 Nce7 49. a3 Nc6 50. Bf2 Rb5 51. Bd3 Rb7 52. Bxc5 Bb6 53. Nxb6+
axb6 54. Bf2 Nb8 55. Ra4 Kd6 56. Kd2 Nd7 57. Ra8 Nc5 58. Bc2 Kc6 59. Rc8+ Kb5
60. Bxc5 bxc5 61. Bd3+ Kb6 62. Re8 Nc7 63. Rd8 Ra7 64. Rb8+ Kc6 65. Rb3 Kd5 66.
Kc3 Ra4 67. Bc2 0-1

[Event "PRVA LIGA CENTRALNE SRBIJE 2018."]
[Site "Kragujevac"]
[Date "2018.09.16"]
[Round "4.2"]
[White "Mijailovic, Zoran"]
[Black "Zlatanovic, Boroljub"]
[Result "1-0"]
[WhiteElo "2400"]
[BlackElo "2371"]
[PlyCount "55"]
[EventDate "2018.??.??"]

1. d4 g6 2. e4 Bg7 3. c4 d6 4. Nc3 e5 5. Nf3 Bg4 6. d5 Nd7 7. Be2 Qe7 8. b4
Ngf6 9. Be3 Bxf3 10. Bxf3 O-O 11. O-O Ne8 12. Qb3 f5 13. c5 Ndf6 14. Rac1 Nxe4
15. Bxe4 fxe4 16. Nxe4 h6 17. cxd6 cxd6 18. Rc4 Nf6 19. Qd3 Nxe4 20. Qxe4 Kh7
21. Rfc1 Rf7 22. b5 Qe8 23. a4 h5 24. Rc7 Bh6 25. Qf3 Rd7 26. Qh3 Rg7 27. Bxh6
Kxh6 28. Qe3+ 1-0

[Event "PRVA LIGA CENTRALNE SRBIJE 2018."]
[Site "Kragujevac"]
[Date "2018.09.16"]
[Round "4.2"]
[White "Radovic, Luka"]
[Black "Rajkovic, Mladen"]
[Result "1/2-1/2"]
[WhiteElo "2342"]
[BlackElo "2304"]
[Annotator "Balkanchess"]
[PlyCount "48"]
[EventDate "2018.??.??"]
[WhiteClock "0:15:16"]
[BlackClock "0:27:08"]

1. Nf3 d5 2. g3 c5 3. Bg2 Nc6 4. O-O e5 5. d3 Nf6 6. e4 Be7 7. c3 O-O 8. exd5
Nxd5 9. Re1 f6 10. d4 exd4 11. cxd4 Bg4 12. Qb3 Na5 13. Qa4 Bd7 14. Qd1 Bc6 15.
Nc3 Re8 16. Nxd5 Qxd5 17. Be3 Rad8 18. dxc5 Qh5 19. Nd4 Qxd1 20. Raxd1 Bxg2 21.
Kxg2 Bxc5 22. Nf5 Rxd1 23. Rxd1 Bxe3 24. Nxe3 Nc6 1/2-1/2

[Event "PRVA LIGA CENTRALNE SRBIJE 2018."]
[Site "Kragujevac,hotel Sumarice"]
[Date "2018.09.16"]
[Round "4.3"]
[White "Popchev, Milko"]
[Black "Parligras, Mircea-Emilian"]
[Result "0-1"]
[WhiteElo "2267"]
[BlackElo "2623"]
[PlyCount "74"]
[EventDate "2018.09.14"]
[WhiteTeam "Krusik Valjevo"]
[BlackTeam "Pozega"]

1. d4 Nf6 2. Nf3 d5 3. c4 e6 4. Nc3 Bb4 5. cxd5 exd5 6. Qc2 Ne4 7. a3 Bxc3+ 8.
bxc3 Bf5 9. Qb3 Nc6 10. Nd2 O-O 11. Nxe4 Bxe4 12. f3 Bg6 13. Kf2 Na5 14. Qb4 b6
15. e3 c5 16. Qb2 Re8 17. Bd2 c4 18. a4 Nb3 19. Ra3 Nxd2 20. Qxd2 Re6 21. Ra1
Qe7 22. h4 h5 23. e4 dxe4 24. fxe4 Rxe4 25. Bxc4 Rxh4 26. Rxh4 Qxh4+ 27. Kg1
Re8 28. a5 Qg3 29. axb6 axb6 30. Bb5 Re4 31. Bc6 Rh4 32. Bf3 Be4 33. Bxe4 Qh2+
34. Kf2 Rxe4 35. Qg5 g6 36. Ra8+ Kh7 37. Ra7 Rf4+ 0-1

[Event "PRVA LIGA CENTRALNE SRBIJE 2018."]
[Site "Kragujevac,hotel Sumarice"]
[Date "2018.09.16"]
[Round "4.3"]
[White "Zajic, Milan"]
[Black "Kostic, Vladimir G"]
[Result "1/2-1/2"]
[WhiteElo "2497"]
[BlackElo "2334"]
[PlyCount "121"]
[EventDate "2018.09.14"]
[WhiteTeam "Pozega"]
[BlackTeam "Krusik Valjevo"]

1. e4 c5 2. Nf3 e6 3. b3 Nc6 4. Bb2 d6 5. d4 cxd4 6. Nxd4 Nf6 7. Bd3 Be7 8. O-O
O-O 9. c4 Bd7 10. Nd2 a6 11. Qe2 Ne5 12. Bc2 Qb6 13. Kh1 Ng6 14. Rae1 Rfe8 15.
f4 e5 16. f5 exd4 17. fxg6 hxg6 18. Qf2 Qa5 19. Qxd4 Qh5 20. Qf2 Be6 21. Qg3
Rac8 22. Bb1 b5 23. cxb5 axb5 24. Nf3 Ng4 25. Bd4 b4 26. Kg1 Ne5 27. Bxe5 dxe5
28. Qxe5 g5 29. Rc1 Bf6 30. Rxc8 Rxc8 31. Qb5 Be7 32. Qe5 Bf6 33. Qb5 Be7 34.
Qe5 Bc5+ 35. Kh1 Be3 36. Ng1 g6 37. Qf6 Bf4 38. h3 Rc3 39. Qd8+ Kh7 40. Qd1 Qh6
41. Bd3 Qh4 42. Qf3 Be5 43. g4 Kh6 44. Ne2 Bxg4 45. Qxg4 Rxd3 46. Ng1 Qxg4 47.
hxg4 Kg7 48. Nf3 Bf4 49. Kg2 Rc3 50. Rf2 Re3 51. e5 Bxe5 52. Nxg5 Rg3+ 53. Kf1
f6 54. Ne6+ Kf7 55. Nd8+ Ke8 56. Nc6 Rxg4 57. Re2 Rf4+ 58. Kg1 Rg4+ 59. Kf1
Rf4+ 60. Kg1 Rg4+ 61. Kf1 1/2-1/2

[Event "PRVA LIGA CENTRALNE SRBIJE 2018."]
[Site "Kragujevac,hotel Sumarice"]
[Date "2018.09.16"]
[Round "4.3"]
[White "Ivanovic, Dragutin"]
[Black "Perunovic, Miodrag"]
[Result "0-1"]
[WhiteElo "2307"]
[BlackElo "2433"]
[PlyCount "144"]
[EventDate "2018.09.14"]
[WhiteTeam "Krusik Valjevo"]
[BlackTeam "Pozega"]

1. Nf3 Nf6 2. g3 d5 3. Bg2 e6 4. O-O Be7 5. d3 O-O 6. Nbd2 b6 7. c4 Bb7 8. b3
d4 9. Bb2 c5 10. b4 Qc7 11. Rb1 Nbd7 12. bxc5 bxc5 13. e3 e5 14. Ba3 dxe3 15.
fxe3 Nb6 16. Ng5 Bxg2 17. Kxg2 Rad8 18. Qe2 Qd7 19. Rb3 h6 20. Nge4 Nxe4 21.
Nxe4 f5 22. Nf2 Qe6 23. e4 f4 24. Qg4 f3+ 25. Kg1 Qf7 26. Bc1 Rd6 27. Be3 Rg6
28. Qh3 Qe8 29. Kh1 Qa4 30. Qh5 Re6 31. Rb2 Qa3 32. Rc2 Qa4 33. Rb2 Qa3 34. Rc2
Nd7 35. Qg4 Rff6 36. Qh5 Rf7 37. Qg4 Rd6 38. Rd1 Nf8 39. Qc8 Rd7 40. Qb8 Qa4
41. Rcd2 Qc6 42. Qxe5 Ne6 43. Rb1 Kh7 44. Qh5 Ng5 45. Ng4 Qe6 46. Kg1 Rf8 47.
h4 f2+ 48. Rxf2 Nh3+ 49. Kg2 Nxf2 50. Nxf2 Rxd3 51. Nxd3 Qxe4+ 52. Kh3 Qxd3 53.
Re1 Rf1 54. Rxf1 Qxf1+ 55. Kh2 Qxc4 56. Qf5+ Kg8 57. Qc8+ Bf8 58. Qe8 Qxa2+ 59.
Kh3 Qf7 60. Qe4 c4 61. Kg2 c3 62. Qc6 Qa2+ 63. Kf3 c2 64. g4 Qb3 65. Ke2 a5 66.
g5 hxg5 67. hxg5 a4 68. g6 a3 69. Qh1 Qb5+ 70. Kd2 c1=Q+ 71. Qxc1 Bb4+ 72. Kc2
Qc4+ 0-1

[Event "PRVA LIGA CENTRALNE SRBIJE 2018."]
[Site "Kragujevac,hotel Sumarice"]
[Date "2018.09.16"]
[Round "4.3"]
[White "Radovanovic, Dusan"]
[Black "Sandic, Vladeta"]
[Result "1-0"]
[WhiteElo "2321"]
[BlackElo "2324"]
[PlyCount "147"]
[EventDate "2018.09.14"]
[WhiteTeam "Pozega"]
[BlackTeam "Krusik Valjevo"]

1. d4 Nf6 2. Nf3 c5 3. d5 g6 4. c4 d6 5. Nc3 Bg7 6. h3 O-O 7. e4 e6 8. Bd3 exd5
9. cxd5 Na6 10. O-O Nc7 11. Re1 Nd7 12. Bf4 Qe7 13. Bf1 Ne5 14. Nxe5 Bxe5 15.
Bxe5 Qxe5 16. Qd2 g5 17. Re3 Kh8 18. Rae1 Bd7 19. Ne2 f6 20. Nc1 b6 21. b3 Nb5
22. Nd3 Qe7 23. e5 fxe5 24. Nxe5 dxe5 25. Rxe5 Qf6 26. Re7 Rf7 27. Rxd7 Rxd7
28. Bxb5 Rd6 29. Bc6 Rf8 30. Re3 Rf7 31. Qe1 Qd4 32. Re4 Qf6 33. a4 Kg7 34. Re5
Kf8 35. Re8+ Kg7 36. Re5 Kf8 37. Re8+ Kg7 38. Re5 h6 39. Be8 Rc7 40. Bh5 Kf8
41. Re8+ Kg7 42. Re5 a6 43. h4 Kf8 44. Re8+ Kg7 45. Re5 Kf8 46. Bg4 Re7 47. Be6
Rxd5 48. Rxd5 Rxe6 49. Qb1 Kg7 50. hxg5 hxg5 51. a5 bxa5 52. Rxc5 Re5 53. Rc7+
Re7 54. Rxe7+ Qxe7 55. Qa1+ Kg6 56. Qxa5 Qe2 57. Qb6+ Kg7 58. Qe3 Qb5 59. g3
Kf6 60. Kg2 Kg6 61. Qe4+ Kh6 62. Qe6+ Kg7 63. Kf3 Qb4 64. Ke2 Qb5+ 65. Kf3 Qb4
66. Qd5 Kh6 67. Kg2 Kg6 68. f3 Kh6 69. Kh3 g4+ 70. fxg4 Qe1 71. Kh4 Qb4 72.
Qe6+ Kg7 73. Kh5 Qd2 74. Qg6+ 1-0

[Event "PRVA LIGA CENTRALNE SRBIJE 2018."]
[Site "Kragujevac,hotel Sumarice"]
[Date "2018.09.16"]
[Round "4.3"]
[White "Zivkovic, Dejan"]
[Black "Pavlovic, Dejan S"]
[Result "1-0"]
[WhiteElo "2290"]
[BlackElo "2396"]
[PlyCount "43"]
[EventDate "2018.09.14"]
[WhiteTeam "Krusik Valjevo"]
[BlackTeam "Pozega"]

1. d4 d5 2. Nf3 Nf6 3. c3 e6 4. Bg5 Be7 5. e3 O-O 6. Nbd2 b6 7. Bd3 Bb7 8. Ne5
Ne4 9. Bxe7 Qxe7 10. Qc2 Nf6 11. g4 g6 12. h4 Nbd7 13. Nxd7 Nxd7 14. f4 c5 15.
h5 cxd4 16. exd4 e5 17. fxe5 f6 18. hxg6 fxe5 19. Rxh7 Qf6 20. O-O-O exd4 21.
Rxd7 Bc8 22. Rxd5 1-0

[Event "PRVA LIGA CENTRALNE SRBIJE 2018."]
[Site "Kragujevac,hotel Sumarice"]
[Date "2018.09.16"]
[Round "4.3"]
[White "Marcetic, Nikola"]
[Black "Zivanovic, Bojan"]
[Result "1-0"]
[WhiteElo "2333"]
[BlackElo "2093"]
[PlyCount "111"]
[EventDate "2018.09.14"]
[WhiteTeam "Pozega"]
[BlackTeam "Krusik Valjevo"]

1. d4 Nf6 2. Nf3 e6 3. g3 d5 4. Bg2 Be7 5. O-O O-O 6. b3 c5 7. e3 Nbd7 8. Bb2
b6 9. Nbd2 Bb7 10. Ne5 Qc7 11. Rc1 Rac8 12. f4 Rfe8 13. Bh3 c4 14. c3 b5 15.
Ndf3 Ne4 16. Nxd7 Qxd7 17. Ne5 Qc7 18. Bg2 Nf6 19. g4 Nd7 20. Nf3 g6 21. g5 a5
22. Rf2 Qb6 23. h4 cxb3 24. axb3 b4 25. Rfc2 bxc3 26. Rxc3 Rxc3 27. Rxc3 Rc8
28. Bf1 Bb4 29. Rxc8+ Bxc8 30. h5 Bb7 31. h6 Qc6 32. Bd3 Ba6 33. Bxa6 Qxa6 34.
Qc2 Qb7 35. Bc1 Kf8 36. Bd2 Ke7 37. Bxb4+ axb4 38. Ne1 Qb5 39. Nd3 Qa5 40. Qd2
Qa1+ 41. Kf2 Qa3 42. Qxb4+ Qxb4 43. Nxb4 f6 44. Nd3 Nb6 45. b4 Nc4 46. b5 fxg5
47. fxg5 Nd6 48. b6 Ne4+ 49. Kf3 Nxg5+ 50. Kg4 Ne4 51. b7 Nf6+ 52. Kg5 Nd7 53.
Ne5 Nb8 54. Nxg6+ Kf7 55. Ne5+ Ke7 56. Ng4 1-0

[Event "PRVA LIGA CENTRALNE SRBIJE 2018."]
[Site "Kragujevac"]
[Date "2018.09.16"]
[Round "4.4"]
[White "Rakhmanov, Aleksandr"]
[Black "Ivanov, Mikhail M"]
[Result "1/2-1/2"]
[WhiteElo "2647"]
[BlackElo "2367"]
[PlyCount "75"]
[EventDate "2018.??.??"]

1. c4 c5 2. Nf3 g6 3. d4 Bg7 4. dxc5 Na6 5. g3 Nxc5 6. Bg2 d6 7. Nd4 a5 8. Nc3
Nf6 9. O-O O-O 10. h3 Bd7 11. Be3 Qc8 12. Kh2 Ne6 13. Nxe6 Bxe6 14. Na4 Nd7 15.
Rc1 Qc7 16. b3 Nc5 17. Nc3 Rab8 18. Qd2 Rfc8 19. Nd5 Bxd5 20. Bxd5 Qb6 21. Rc2
Rc7 22. Rb1 Qa6 23. h4 Nd7 24. Kg2 Nf6 25. Bf3 h5 26. Rbc1 Rbc8 27. c5 d5 28.
Bf4 Rd7 29. a3 Ng4 30. Qd3 Qxd3 31. exd3 Ne5 32. Bxe5 Bxe5 33. b4 e6 34. g4
hxg4 35. Bxg4 Rdc7 36. Re1 Bd4 37. Rce2 Kg7 38. Rh1 1/2-1/2

[Event "PRVA LIGA CENTRALNE SRBIJE 2018."]
[Site "Kragujevac"]
[Date "2018.09.16"]
[Round "4.4"]
[White "Radovanovic, Jovica"]
[Black "Damljanovic, Branko"]
[Result "1/2-1/2"]
[WhiteElo "2322"]
[BlackElo "2470"]
[Annotator "Balkanchess"]
[PlyCount "107"]
[EventDate "2018.??.??"]
[WhiteClock "0:05:22"]
[BlackClock "0:23:26"]

1. d4 Nf6 2. c4 g6 3. Nf3 Bg7 4. g3 O-O 5. Bg2 d6 6. O-O Nc6 7. Nc3 Bf5 8. b3
a5 9. Bb2 e5 10. dxe5 dxe5 11. Qxd8 Rfxd8 12. Rad1 e4 13. Nh4 Bg4 14. h3 Be6
15. g4 h5 16. Nxe4 Nxe4 17. Bxg7 Kxg7 18. Bxe4 hxg4 19. hxg4 Bxg4 20. Nf3 Nb4
21. Bxb7 Rxd1 22. Rxd1 Rb8 23. Ne5 Bxe2 24. Rd2 Rxb7 25. Rxe2 Rb6 26. Nd7 Rd6
27. Nc5 Kf8 28. Kg2 Rd1 29. a3 Nc6 30. Na6 Ra1 31. b4 axb4 32. Nxb4 Nd4 33. Ra2
Rc1 34. a4 Rxc4 35. Nd3 Rc3 36. Ne5 Nc6 37. Nxc6 Rxc6 38. a5 Ra6 39. Kf3 Ke7
40. Ke4 Kd6 41. Kd4 Kc6 42. Kc4 Ra8 43. Ra3 Re8 44. a6 Kb6 45. a7 Kb7 46. Kd5
Rd8+ 47. Kc5 Rh8 48. Rb3+ Kxa7 49. Kc6 Rh4 50. Kxc7 Rc4+ 51. Kd6 Rf4 52. f3 Ka6
53. Kc5 g5 54. Kc6 1/2-1/2

[Event "PRVA LIGA CENTRALNE SRBIJE 2018."]
[Site "Kragujevac"]
[Date "2018.09.16"]
[Round "4.4"]
[White "Nestorovic, Nikola"]
[Black "Colovic, Dusan"]
[Result "1-0"]
[WhiteElo "2453"]
[BlackElo "2296"]
[Annotator "Balkanchess"]
[PlyCount "81"]
[EventDate "2018.??.??"]
[WhiteClock "0:54:49"]
[BlackClock "0:40:55"]

1. e4 c5 2. Nf3 Nc6 3. Nc3 Nf6 4. d4 cxd4 5. Nxd4 e5 6. Ndb5 d6 7. Bg5 a6 8.
Na3 b5 9. Nd5 Be7 10. Bxf6 Bxf6 11. c4 b4 12. Nc2 Rb8 13. b3 O-O 14. g3 Bg5 15.
Bg2 Be6 16. O-O a5 17. Qd3 Ne7 18. h4 Bh6 19. Nde3 Bxe3 20. Nxe3 Qb6 21. Rad1
Rfd8 22. Kh2 Nc6 23. f4 f6 24. Nc2 Qc5 25. Rd2 a4 26. Rf3 axb3 27. axb3 Ra8 28.
Qf1 Ra2 29. Rfd3 Ra6 30. Qd1 Ne7 31. fxe5 fxe5 32. h5 h6 33. Bh3 Bxh3 34. Kxh3
Kh8 35. Ne3 Rf8 36. Ng4 Qa7 37. Rxd6 Ra1 38. Rd8 Rxd1 39. Rxf8+ Kh7 40. Rxd1
Nc6 41. Rdf1 1-0

[Event "PRVA LIGA CENTRALNE SRBIJE 2018."]
[Site "Kragujevac,hotel Sumarice"]
[Date "2018.09.16"]
[Round "4.4"]
[White "Pantelic, Sasa"]
[Black "Ostojic, Nikola"]
[Result "1/2-1/2"]
[WhiteElo "2294"]
[BlackElo "2441"]
[Annotator "Balkanchess"]
[PlyCount "118"]
[EventDate "2018.09.14"]
[WhiteTeam "Sabacki SK Sabac"]
[BlackTeam "Vladimirci"]

1. d4 Nf6 2. c4 c5 3. d5 g6 4. Nc3 Bg7 5. e4 O-O 6. Nf3 d6 7. Be2 e6 8. Bf4
exd5 9. cxd5 b5 10. Bxb5 Nxe4 11. Nxe4 Qa5+ 12. Qd2 Qxb5 13. Nxd6 Qxb2 14. Qxb2
Bxb2 15. Rb1 Bc3+ 16. Bd2 Bxd2+ 17. Nxd2 Ba6 18. N6c4 Rd8 19. O-O Bxc4 20. Nxc4
Rxd5 21. Rb7 Nd7 22. Rc7 Nb6 23. Ne3 Rd2 24. Ng4 c4 25. Nh6+ Kg7 26. Nxf7 Rd7
27. Rxd7 Nxd7 28. Nd6 Nb6 29. Rc1 Rd8 30. Ne4 Rd3 31. Kf1 Kf8 32. Ke2 Ra3 33.
Rc2 Ke7 34. Nc3 Kd7 35. Nb1 Ra5 36. Ke3 Kc6 37. Kd4 Rd5+ 38. Kc3 Kc5 39. Rd2
Re5 40. Kc2 Nd5 41. a3 Nf4 42. g3 Nd3 43. Nc3 Re1 44. Rd1 Rxd1 45. Nxd1 Kd4 46.
Kd2 a6 47. h4 c3+ 48. Nxc3 Nxf2 49. Ne2+ Ke4 50. Ng1 Nh1 51. Kc3 Nxg3 52. Kb4
Nf5 53. Ka5 Nxh4 54. Kxa6 Nf5 55. a4 Nd6 56. Kb6 Kd5 57. Nh3 Nc4+ 58. Kb5 Nd6+
59. Kb6 Nc4+ 1/2-1/2

[Event "PRVA LIGA CENTRALNE SRBIJE 2018."]
[Site "Kragujevac,hotel Sumarice"]
[Date "2018.09.16"]
[Round "4.4"]
[White "Nestorovic, Lazar"]
[Black "Jesic, Dusan"]
[Result "1/2-1/2"]
[WhiteElo "2353"]
[BlackElo "2322"]
[PlyCount "108"]
[EventDate "2018.09.14"]
[WhiteTeam "Vladimirci"]
[BlackTeam "Sabacki SK Sabac"]

1. e4 c5 2. Nf3 d6 3. d4 cxd4 4. Nxd4 Nf6 5. Nc3 a6 6. Be3 e5 7. Nb3 Be7 8. h3
h5 9. Qf3 Be6 10. O-O-O Nbd7 11. Nd5 Bxd5 12. exd5 Rc8 13. Kb1 Nb6 14. Bxb6
Qxb6 15. Bd3 g6 16. g4 h4 17. g5 Nh5 18. Qg4 Qd8 19. Qxh4 Bxg5 20. Qg4 Nf4 21.
h4 Rxh4 22. Rxh4 Bxh4 23. Na5 Rc7 24. Nc4 Bf6 25. Rh1 Kf8 26. Ne3 Bg7 27. Bc4
f5 28. Qf3 a5 29. a4 Qg5 30. Bb5 e4 31. Qd1 Qf6 32. Qc1 Nd3 33. Bxd3 exd3 34.
c3 f4 35. Ng2 g5 36. Qd2 Qf5 37. Ne1 Qxd5 38. Rg1 Re7 39. Nxd3 Bf6 40. Qd1 b5
41. axb5 Qxb5 42. Kc2 d5 43. Qh5 Re6 44. Qg4 Ke7 45. Rh1 d4 46. Rh7+ Kd6 47.
cxd4 Bxd4 48. Rh5 Bf6 49. Qxf4+ Kc6 50. Qg4 Rd6 51. Qe4+ Kb6 52. Rh7 Qc6+ 53.
Qxc6+ Kxc6 54. Ra7 Kb5 1/2-1/2

[Event "PRVA LIGA CENTRALNE SRBIJE 2018."]
[Site "Kragujevac,hotel Sumarice"]
[Date "2018.09.16"]
[Round "4.4"]
[White "Merdovic, Miroljub"]
[Black "Zivkovic, Sava"]
[Result "0-1"]
[WhiteElo "2089"]
[BlackElo "2305"]
[PlyCount "40"]
[EventDate "2018.09.14"]
[WhiteTeam "Sabacki SK Sabac"]
[BlackTeam "Vladimirci"]

1. c3 Nf6 2. d3 d5 3. Qc2 Bf5 4. Nf3 e6 5. Nh4 Bg6 6. Nxg6 hxg6 7. e4 Nbd7 8.
Be2 c6 9. Bg5 Qc7 10. h3 dxe4 11. dxe4 Qe5 12. Bxf6 Nxf6 13. Nd2 Bc5 14. Bf3 b5
15. O-O g5 16. Rfe1 g4 17. hxg4 Nxg4 18. Kf1 Qg5 19. e5 Nxf2 20. Re4 Rh1+ 0-1